000 00702nam a2200205Ia 4500
001 20102
003 GE_BSU
008 181216s||||||||xx |||||||||||||| ||und||
040 _cGE_BSU
245 _aМировая экономика и международные отношения том 60. №12 Декабрь. 2016.
245 _cГл.ред.А.В Рябов.
260 _aМосква
260 _bНаука
260 _c2016
300 _a128 стр. 29см.
653 _aМировая экономика и международные отношения. том 60. №12 Декабрь. 2016.
653 _aПериодика
653 _aპერიოდიკა
942 _cCR
999 _c53065
_d53065